PRINCIPLES OF ORGANIZATIONAL BEHAVIOR (Record no. 4454)

MARC details
000 -LEADER
fixed length control field 00373nam a22001457a 4500
008 - FIXED-LENGTH DATA ELEMENTS--GENERAL INFORMATION
fixed length control field 250811b |||||||| |||| 00| 0 eng d
020 ## - INTERNATIONAL STANDARD BOOK NUMBER
ISBN 9780195681161
100 ## - MAIN ENTRY--AUTHOR
Author FINCHAM ROBIN
245 ## - TITLE STATEMENT
Title PRINCIPLES OF ORGANIZATIONAL BEHAVIOR
250 ## - EDITION STATEMENT
Edition statement 4th
260 ## - PUBLICATION, DISTRIBUTION, ETC. (IMPRINT)
Place of publication UNITED STATES
Name of publisher OXFORD UNIVERSITY PRESS
Date of publication 2005
300 ## - COLLATION
Pagination 752p.
942 ## - ADDED ENTRY ELEMENTS (KOHA)
Item type Books
050 ## - LIBRARY OF CONGRESS CALL NUMBER
Classification number HD 58.7
Item number .F56
Holdings
Source of classification or shelving scheme Not for loan Permanent location Current location Date acquired Accession No. Full call number Barcode. Koha item type
Library of Congress Classification   Samuel Ogbemudia Main Library, University of Abuja Samuel Ogbemudia Main Library, University of Abuja 08/11/2025 2007/34179 HD 58.7 .F56 2025-3235 Books